Statistics for Countries by Current leader

Click here to take the quiz!

General Stats

  • This quiz has been taken 20 times
  • The average score is 9 of 11

Answer Stats

LeadersAnswer% Correct
Joe BidenUSA
100%
Xi JinpingChina
94%
Volodymyr ZelenskyyUkraine
94%
Scott MorrisonAustralia
89%
Boris JohnsonEngland
83%
Vladdy DaddyRussia
78%
Emmanuel MacronFrance
72%
Jacinda ArdernNew Zealand
72%
Frank-Walter SteinmeierGermany
67%
Nicola sturgeonScotland
61%
Michael D. HigginsIreland
50%

Score Distribution

Percentile by Number Answered

Percent of People with Each Score

Your Score History

You have not taken this quiz